Αρχείο Αλή Πασά : συλλογής Ι. Χώτζη Γεννάδειου Βιβλιοθήκης της Αμερικανικής Σχολής Αθηνών

Saved in:
Bibliographic Details
Corporate Author: Γεννάδειος Βιβλιοθήκη
Other Authors: Παναγιωτόπουλος, Βασίλης, 1932- (Compiler), Δημητρόπουλος, Δημήτρης (Compiler), Μιχαηλάρης, Παναγιώτης Δ., 1948- (Compiler)
Format: Book
Language:Greek
Published: Αθήνα : Ινστιτούτο Νεοελληνικών Ερευνών / Εθνικού Ιδρύματος Ερευνών, 2007
Series:Κέντρο Νεοελληνικών Ερευνών Εθνικού Ιδρύματος Ερευνών ; ; 95
Subjects:
Tags: Add Tag
No Tags, Be the first to tag this record!

MARC

LEADER 00000cam a2200000 i 4500
001 1/10354
008 100930s2007 gre d
020 |a 978-960-7916-61-7 (set) 
020 |a 978-960-7916-62-4 (τ.Α) 
020 |a 978-960-7916-63-1 (τ.Β) 
020 |a 978-960-7916-64-8 (τ.Γ) 
020 |a 978-960-7916-65-5 (τ.Δ) 
035 |l 10108984 
040 |a GR-MY-UA  |b gre  |e aacr 
041 0 |a gre 
082 0 |a 938.401  |2 (22) 
245 1 0 |a Αρχείο Αλή Πασά :  |b συλλογής Ι. Χώτζη Γεννάδειου Βιβλιοθήκης της Αμερικανικής Σχολής Αθηνών /  |c έκδοση-σχολιασμός-ευρετήρια: Βασίλης Παναγιωτόπουλος με τη συνεργασία των: Δημήτρη Δημητρόπουλου, Παναγιώτη Μιχαηλάρη 
260 |a Αθήνα :   |b Ινστιτούτο Νεοελληνικών Ερευνών / Εθνικού Ιδρύματος Ερευνών,   |c 2007 
300 |a 4 τ.  |c 25 εκ. 
490 1 |a Ινστιτούτο Νεοελληνικών Ερευνών / Εθνικού Ιδρύματος Ερευνών  |v ; 95 
505 0 |a Τ.Α: 1747-1808 -- τ.Β: 1809-1817 -- τ.Γ: 1818-1821 -- τ.Δ: Εισαγωγή-ευρετήρια-γλωσσάρι 
600 0 0 |a Ali Pasa,   |c Tepedelenli,   |d 1744?-1822  |x Archives. 
651 0 |a Greece  |x History  |x Sources. 
651 0 |a Epirus (Greece and Albania)  |x History  |y Turkish rule, 1430-1913. 
651 0 |a Albania  |x History  |y 1501-1912  |x Sources. 
700 1 |a Παναγιωτόπουλος, Βασίλης,   |d 1932-  |4 com 
700 1 |a Δημητρόπουλος, Δημήτρης.  |4 com 
700 1 |4 com  |a Μιχαηλάρης, Παναγιώτης Δ.,  |d 1948- 
710 2 |a Γεννάδειος Βιβλιοθήκη. 
830 0 |a Κέντρο Νεοελληνικών Ερευνών Εθνικού Ιδρύματος Ερευνών ;  |v ; 95 
852 |a INST  |b LESVOS  |e 20100930  |h 938.401 ΑΡΧ  |p 005100048692  |q 005100048692  |t BK  |y 0  |z τ.Α 
852 |a INST  |b LESVOS  |e 20100930  |h 938.401 ΑΡΧ  |p 005100048693  |q 005100048693  |t BK  |y 0  |z τ.Β 
852 |a INST  |b LESVOS  |e 20100930  |h 938.401 ΑΡΧ  |p 005100048694  |q 005100048694  |t BK  |y 0  |z τ.Γ 
852 |a INST  |b LESVOS  |e 20100930  |h 938.401 ΑΡΧ  |p 005100048695  |q 005100048695  |t BK  |y 0  |z τ.Δ 
852 |a INST  |b LESVOS  |e 20100930  |h 938.401 ΑΡΧ  |p 005100048692  |q 005100048692  |t BK  |v τ.Α:  |y 0  |z τ.Α 
852 |a INST  |b LESVOS  |e 20100930  |h 938.401 ΑΡΧ  |p 005100048693  |q 005100048693  |t BK  |v τ.Β:  |y 0  |z τ.Β 
852 |a INST  |b LESVOS  |e 20100930  |h 938.401 ΑΡΧ  |p 005100048694  |q 005100048694  |t BK  |v τ.Γ:  |y 0  |z τ.Γ 
852 |a INST  |b LESVOS  |e 20100930  |h 938.401 ΑΡΧ  |p 005100048695  |q 005100048695  |t BK  |v τ.Δ:  |y 0  |z τ.Δ 
853 |a INST  |b LESVOS  |h 938.401 ΑΡΧ 
901 |a BIBL1-2010-3 
909 |a Λ  |b 166588 
909 |a Λ  |b 166586 
909 |a Λ  |b 166587 
909 |a Λ  |b 166589 
970 |a ΤΖΑΦΕΡΗ  |b ΕΥΑΓΓΕΛΙΑ  |z 2010/09/30